Регионална библиотека "Любен Каравелов" - Русе

Спомени (Запис номер 510917)

MARC детайли
000 -Лидер
Лидер 01243aaa a2200301 a 4500
003 - Код на организацията, давaща контролен номер
Код на организацията, даваща контролен номер BLK
005 - Дата и час на последна редакция
Дата и час на последна редакция 20240527115737.0
007 - Фиксирано поле за физическо описани
Физическо описание ta
008 - Елементи от данни с фиксирана дължина
Елементи с фиксирана дължина 221104b bu |||||r|||| 00| | bu d
040 ## - Източник на каталожния запис
Код на библиотеката BLK
041 ## - Код за език
Език Български
Език за КДБФ Български
080 ## - УДК
УДК текст Комунистически партии. Вж и 327.323
УДК код 329.15
УДК – определител (497.2)(092
УДК – код + определител 329.15(497.2)(092
080 ## - УДК
УДК текст Биографии - България
УДК код 929(497.2)
УДК – код + определител 929(497.2)
100 ## - Редна дума - Автор
R(LIN) 491194
Автор Теохарова, Хери
245 ## - Сведения за заглавието
Заглавие Спомени
Подзаглавни данни 1932 година
Авторска отговорност Хери Теохарова
300 ## - Физическа характеристика
Брой страници № 55, 6 март 1957
520 ## - Забележка за наличие на резюме, анотация и т.н
Анотация, рецензия Дейността на Хери Теохарова и други антифашистки в Русе.
600 #0 - Име на лице, използвано като предмет
9 (RLIN) 491194
За него / За нея Теохарова, Хери
653 ## - Ключова дума – ненормативна
9 (RLIN) 492634
Ключови думи Хери Теохарова
653 ## - Ключова дума – ненормативна
9 (RLIN) 188984
Ключови думи комунисти
653 ## - Ключова дума – ненормативна
9 (RLIN) 467819
Ключови думи политзатворници
653 ## - Ключова дума – ненормативна
9 (RLIN) 186601
Ключови думи женско движение
653 ## - Ключова дума – ненормативна
9 (RLIN) 195878
Ключови думи русенци
773 0# - Описание на основна библиографска единица при аналитични записи (многотомни)
Заглавие на източника Дунавска правда
Международен стандартен номер на серията ISSN C613-1425
Контролен номер на записа 291955
Място на издаване, издател и година София ОбК на БКП и др. 1950
Информация за връзката . //
856 ## - Електронен адрес и достъп
Инструкция (цена за достъп) 0.00
Права за достъп disable
942 ## - АРТИКУЛИ
Източник на класификационната схема Universal Decimal Classification
Вид на библиотечния документ Статия
Скрит в OPAC Не
944 ## - СЪЗДАВАНЕ И РЕДАКЦИЯ на ЗАПИСА
Дата на регистрацията/редакция Вася Ганчева
Служител, извършил регистрацията/редакцията 30549
Номер на служител Вася Ганчева
Създаване/Редакция
999 ## - СИСТЕМНИ КОНТРОЛНИ НОМЕРА
Koha biblionumber 510917
Koha biblioitemnumber 510917

Няма налични копия.

Vip Innovations Ltd, Rousse, Bulgaria 2025